Economic Growth: Advances in Analysis Methodologies and Technologies (Record no. 46558)
[ view plain ]
| 000 -LEADER | |
|---|---|
| fixed length control field | 00498nam a22001817a 4500 |
| 005 - DATE AND TIME OF LATEST TRANSACTION | |
| control field | 20260513145022.0 |
| 008 - FIXED-LENGTH DATA ELEMENTS--GENERAL INFORMATION | |
| fixed length control field | 260513b |||||||| |||| 00| 0 eng d |
| 020 ## - INTERNATIONAL STANDARD BOOK NUMBER | |
| International Standard Book Number | 9783031383625 |
| 041 ## - LANGUAGE CODE | |
| Language code of text/sound track or separate title | Eng |
| 082 ## - DEWEY DECIMAL CLASSIFICATION NUMBER | |
| Classification number | 338.9 PER |
| 100 ## - MAIN ENTRY--PERSONAL NAME | |
| Author | Pereira, Vitor Joao |
| 245 ## - TITLE STATEMENT | |
| Title | Economic Growth: Advances in Analysis Methodologies and Technologies |
| 260 ## - PUBLICATION, DISTRIBUTION, ETC. | |
| Place | Switzerland |
| Publisher | Springer |
| Publication Year | 2023 |
| 300 ## - PHYSICAL DESCRIPTION | |
| Extent | 144;. P. 23 cm |
| 650 ## - SUBJECT ADDED ENTRY--TOPICAL TERM | |
| Subject | Economic Growth |
| 700 ## - ADDED ENTRY--PERSONAL NAME | |
| Co-Author | Martinho, Domingues |
| 942 ## - ADDED ENTRY ELEMENTS (KOHA) | |
| Koha item type | Books |
| Withdrawn status | Lost status | Source of classification or shelving scheme | Damaged status | Not for loan | Home library | Current library | Shelving location | Accession Date | Vendor | Price | Bill number | Total Checkouts | Full call number | Barcode No | Date last seen | Discount | Cost, replacement price | Bill Date | Koha item type | Suggested By |
|---|---|---|---|---|---|---|---|---|---|---|---|---|---|---|---|---|---|---|---|---|
| Dewey Decimal Classification | IMTN | IMTN | Rack 13-A | 05/13/2026 | Raghav Books Private Limited | 5615.38 | 2630 | 338.9 PER | 34025 | 05/13/2026 | 33 | 3762.30 | 04/30/2026 | Books | Recommended by Dr Veena Pailwar |